000 00669nam a2200205 i 4500
001 28747
003 ES-MaACL
005 20250910213325.0
007 t|
008 030120s1971 sp ||||1| spa d
100 1 _aBaratto, Mario.
_925351
245 1 0 _aTeatro y luchas sociales
_b: (Ruzante, Aretino, Goldini) /
_cMario Baratto ; prefacio de Jaume Fuster ; [traducción de Jaime Fuster y M.A. Oliver].
250 _a[1ª ed.].
260 _aBarcelona :
_bPenínsula,
_c[1971]
300 _a325 p. ;
_c20 cm.
700 1 _aFuster, Jaume,
_d1945-1998
_953081
700 1 _aOliver, M. A.
_986821
852 _aES-MaACL
_jC-39205
_bR.76998
999 _c28747
_d28747